Państwa, których obywatele otrzymali Pokojową Nagrodę Nobla - Statystyki

Ogólne statystyki
  • Ten quiz został rozwiązany 164 razy
  • Średni wynik to 26 z 42
Odpowiedzi na mapie
Odpowiedzi zakodowano w zielono-czerwonej skali na mapie do tego quizu, zgodnie z poniższymi procentami.
 
Statystyki odpowiedzi
Nazwa państwa % Poprawnych
Polska
99%
Stany Zjednoczone
98%
Rosja
97%
Wielka Brytania
96%
Kanada
95%
Niemcy
95%
Francja
94%
Szwecja
90%
Meksyk
87%
Norwegia
87%
Indie
86%
Włochy
86%
Dania
82%
Japonia
82%
Egipt
81%
Republika Południowej Afryki
81%
Finlandia
76%
Irlandia
75%
Argentyna
73%
Holandia
73%
Belgia
69%
Austria
68%
Szwajcaria
66%
Iran
64%
Izrael
61%
Kolumbia
60%
Irak
58%
Korea Południowa
54%
Pakistan
54%
Demokratyczna Republika Konga
43%
Wietnam
41%
Etiopia
31%
Kenia
31%
Tunezja
29%
Birma
27%
Jemen
26%
Bangladesz
23%
Ghana
16%
Kostaryka
13%
Gwatemala
12%
Liberia
11%
Timor Wschodni
5%
Nie znaleziono quizów pasujących do podanych kryteriów
Rozkład punktacji
Procent ludzi z każdym wynikiem
Percentyl według liczby udzielonych odpowiedzi
Twoja historia wyników
Nie rozwiązałeś tego quizu